00169nam a2200073Ia 4500008004100000050001700041100001700058245002000075230915s9999 xx 000 0 und d aSF 105 .H 36 aHammond,John 0aAnimal Breeding